[Event "Elit(Manhem-Rockaden,Sthlm)"]
[Site "?"]
[Date "2016.10.14"]
[Round "1"]
[White "Hammer, Jon Ludvig"]
[Black "Moberg, Karl Johan"]
[Result "1-0"]
[WhiteElo "2651"]
[BlackElo "2285"]
[PlyCount "113"]

1. e4 e5 2. Nf3 Nc6 3. Bc4 Nf6 4. d3 Be7 5. O-O O-O 6. Re1 d6 7. a4 Be6 8. a5
a6 9. Bxe6 fxe6 10. c3 Qd7 11. Nbd2 Rae8 12. d4 exd4 13. cxd4 d5 14. e5 Ne4 15.
Nxe4 dxe4 16. Rxe4 Qd5 17. Rg4 Nxa5 18. Bh6 Rf7 19. Rc1 Nc6 20. h4 Kh8 21. Be3
Ref8 22. Ng5 Bxg5 23. hxg5 g6 24. Rc5 Qd7 25. d5 exd5 26. Rxd5 Qe6 27. Bc5 Re8
28. Re4 Kg8 29. f4 Rc8 30. g4 Re8 31. Kg2 b6 32. Ba3 a5 33. Kg3 Kg7 34. Re2 Nb4
35. Bxb4 axb4 36. Rd4 c5 37. Rd6 Qc4 38. Rf2 b5 39. Rf6 Rfe7 40. Rb6 b3 41. Rf3
Rf8 42. Rf6 Ra8 43. f5 Ra4 44. Rxg6+ hxg6 45. f6+ Kh7 46. fxe7 Qxg4+ 47. Kh2
Qxg5 48. Rh3+ Rh4 49. e8=Q Rxh3+ 50. Kxh3 Qe3+ 51. Kg4 Qe4+ 52. Kg3 Qe3+ 53.
Qf3 Qg5+ 54. Kh2 Qd2+ 55. Qg2 Qf4+ 56. Qg3 Qd2+ 57. Kh3 1-0

[Event "Elit(Manhem-Rockaden,Sthlm)"]
[Site "?"]
[Date "2016.10.14"]
[Round "1"]
[White "Welin, Mats"]
[Black "Blomqvist, Erik"]
[Result "0-1"]
[WhiteElo "2332"]
[BlackElo "2545"]
[PlyCount "64"]

1. e4 c5 2. Nf3 d6 3. d4 cxd4 4. Nxd4 Nf6 5. Nc3 a6 6. Be2 e5 7. Nb3 Be7 8. O-O
O-O 9. Kh1 Nc6 10. f3 a5 11. Be3 Be6 12. Nd5 a4 13. Nc1 Bxd5 14. exd5 Nd4 15.
Bxd4 exd4 16. Qxd4 Qa5 17. Rd1 Nd7 18. Rb1 Rfe8 19. Qc4 Bf6 20. a3 Re3 21. c3
Nb6 22. Qc7 Nxd5 23. Qxb7 Nf4 24. Bf1 Rae8 25. Nd3 Nxd3 26. Bxd3 Qh5 27. Qb5 g5
28. Bc4 Kg7 29. h3 Qh4 30. Rf1 Qf4 31. g3 Qxg3 32. Qf5 Re2 0-1

[Event "Elit(Manhem-Rockaden,Sthlm)"]
[Site "?"]
[Date "2016.10.14"]
[Round "1"]
[White "Al Hadarani, Hatim"]
[Black "Hedman, Erik"]
[Result "1-0"]
[WhiteElo "2247"]
[BlackElo "2365"]
[PlyCount "65"]

1. d4 c5 2. d5 g6 3. e4 d6 4. Nc3 Bg7 5. h4 Nf6 6. Be2 h5 7. Nf3 Bg4 8. Ng5
Bxe2 9. Qxe2 Nbd7 10. f3 O-O 11. Bd2 a6 12. a4 b5 13. O-O c4 14. a5 Nc5 15. Na2
e6 16. dxe6 fxe6 17. Be3 Qc7 18. Nb4 Nh7 19. c3 Nxg5 20. hxg5 Nb3 21. Bb6 Qe7
22. Rad1 Qxg5 23. Rxd6 Be5 24. Rxe6 Qg3 25. Rxe5 Qxe5 26. Rd1 Rf7 27. Rd5 Qf4
28. Be3 Qc7 29. Rg5 Kh7 30. f4 Qd6 31. f5 Rg8 32. e5 Qf8 33. Rxh5+ 1-0

[Event "Elit(Manhem-Rockaden,Sthlm)"]
[Site "?"]
[Date "2016.10.14"]
[Round "1"]
[White "Wiedenkeller, Michael"]
[Black "Fendrich, David"]
[Result "1-0"]
[WhiteElo "2458"]
[BlackElo "2257"]
[PlyCount "91"]

1. d4 d6 2. c4 e5 3. d5 f5 4. e4 fxe4 5. Nc3 Na6 6. Nxe4 Nf6 7. Bd3 Nxe4 8.
Bxe4 Qh4 9. Qe2 Nc5 10. Bc2 Bg4 11. Qe3 Be7 12. Qg3 O-O 13. Be3 b6 14. Qxh4
Bxh4 15. h3 Bf5 16. Bxf5 Rxf5 17. Nf3 Bxf2+ 18. Kxf2 e4 19. Bxc5 dxc5 20. Rae1
exf3 21. gxf3 Kf7 22. Rhg1 g6 23. Re4 Re8 24. Rge1 Rxe4 25. Rxe4 Rf6 26. Ke3 c6
27. Re5 cxd5 28. cxd5 Rf5 29. Ke4 Rxe5+ 30. Kxe5 Ke7 31. a4 a6 32. d6+ Kd7 33.
Kd5 c4 34. f4 h6 35. h4 h5 36. Ke5 Kd8 37. Kd4 Kd7 38. Kd5 a5 39. Ke5 b5 40.
axb5 c3 41. bxc3 a4 42. b6 Kc6 43. Ke6 a3 44. d7 a2 45. d8=Q a1=Q 46. Qc7+ 1-0

[Event "Elit(Manhem-Rockaden,Sthlm)"]
[Site "?"]
[Date "2016.10.14"]
[Round "1"]
[White "Storme, Isak"]
[Black "Tuomainen, Felix"]
[Result "1/2-1/2"]
[WhiteElo "2154"]
[BlackElo "2150"]
[PlyCount "95"]

1. e4 e6 2. d4 d5 3. Nc3 Nf6 4. e5 Nfd7 5. f4 c5 6. Nf3 Nc6 7. Be3 h6 8. Qd2 g5
9. dxc5 gxf4 10. Bxf4 Nxc5 11. O-O-O a6 12. Nd4 Nxd4 13. Qxd4 b5 14. b4 Na4 15.
Nxa4 bxa4 16. a3 a5 17. c3 Ba6 18. Kb2 Qd7 19. Qb6 Bxf1 20. Rhxf1 Be7 21. Rf3
Rg8 22. Qf2 Bg5 23. Rf1 Ra7 24. Bxg5 Rxg5 25. Rf6 axb4 26. cxb4 Rc7 27. Rxh6
Rg8 28. g3 Qc6 29. Qc5 Qxc5 30. bxc5 Rxc5 31. Rh7 Rc7 32. Rh4 Rg5 33. Re1 Rf5
34. Re2 Rb7+ 35. Ka2 Ra7 36. Rh8+ Ke7 37. g4 Rf4 38. g5 d4 39. h4 Rd7 40. h5
Rg4 41. Rh2 d3 42. h6 Rdd4 43. Rb8 Rh4 44. Rb7+ Ke8 45. Rb8+ Ke7 46. Rb7+ Ke8
47. Rb8+ Ke7 48. Rb7+ 1/2-1/2

[Event "Elit(Manhem-Rockaden,Sthlm)"]
[Site "?"]
[Date "2016.10.14"]
[Round "1"]
[White "Engqvist, Thomas"]
[Black "Outgajjouft, Said"]
[Result "1-0"]
[WhiteElo "2341"]
[BlackElo "2078"]
[PlyCount "107"]

1. Nf3 d5 2. e3 Nf6 3. b3 Bg4 4. Bb2 e6 5. h3 Bh5 6. Be2 Ne4 7. d3 Ng5 8. Nxg5
Bxe2 9. Nxf7 Qe7 10. Qxe2 Qxf7 11. e4 Be7 12. O-O O-O 13. Nd2 Nd7 14. Rae1 Bb4
15. a3 Bd6 16. exd5 exd5 17. Qe6 Bf4 18. Nf3 h6 19. Qxf7+ Rxf7 20. Re2 Raf8 21.
Rfe1 Bd6 22. Kf1 Kh7 23. Re6 Nc5 24. R6e3 Nd7 25. R1e2 Bc5 26. Re6 Bd6 27. Ke1
Bf4 28. a4 Bd6 29. Kd1 Nc5 30. R6e3 Nd7 31. Re6 Nc5 32. Re8 Nd7 33. Rxf8 Rxf8
34. Ke1 Kg8 35. Ne5 Nxe5 36. Bxe5 Bxe5 37. Rxe5 c6 38. Re7 Rf7 39. Rxf7 Kxf7
40. Ke2 Ke6 41. Ke3 Ke5 42. f4+ Kd6 43. b4 b6 44. c4 a5 45. c5+ Kc7 46. bxa5
bxc5 47. g4 Kb7 48. f5 Ka6 49. h4 Kxa5 50. g5 hxg5 51. hxg5 Kxa4 52. f6 gxf6
53. gxf6 Kb3 54. f7 1-0

[Event "Elit(Manhem-Rockaden,Sthlm)"]
[Site "?"]
[Date "2016.10.14"]
[Round "1"]
[White "Berggren Torell, Harald"]
[Black "Bit-Narva, David"]
[Result "1/2-1/2"]
[WhiteElo "2128"]
[BlackElo "2029"]
[PlyCount "54"]

1. e4 g6 2. d4 Bg7 3. Nc3 d6 4. f4 a6 5. Nf3 b5 6. Bd3 Nd7 7. a4 b4 8. Ne2 c5
9. a5 Bb7 10. d5 Ngf6 11. c4 bxc3 12. Nxc3 O-O 13. Bc4 Re8 14. O-O Qc7 15. Qd3
Nf8 16. h3 e6 17. g4 exd5 18. exd5 Bc8 19. Nh2 Rb8 20. Bxa6 Bxa6 21. Qxa6 c4
22. Ra4 Qc5+ 23. Kh1 Rec8 24. Rd1 N8d7 25. Kg2 Rb3 26. Nf3 Nb8 27. Qa8 Nbd7
1/2-1/2

[Event "Elit(Limhamn-Rockaden,Umea)"]
[Site "?"]
[Date "2016.10.14"]
[Round "1"]
[White "Wickstrom, Lucas"]
[Black "Jepson, Christian"]
[Result "1/2-1/2"]
[WhiteElo "2374"]
[BlackElo "2430"]
[PlyCount "42"]

1. d4 d5 2. c4 e6 3. Nc3 c5 4. cxd5 cxd4 5. Qxd4 Nc6 6. Qd1 exd5 7. Qxd5 Bd6 8.
Bg5 Nge7 9. Qd2 h6 10. O-O-O hxg5 11. Qxd6 Qb6 12. e3 Be6 13. Bb5 O-O 14. Nf3
Rad8 15. Qa3 Nd5 16. Bxc6 Qxc6 17. Nd4 Qc4 18. Nxe6 Nxc3 19. bxc3 Qxe6 20. Rxd8
Rxd8 21. Rd1 Rc8 1/2-1/2

[Event "Elit(Limhamn-Rockaden,Umea)"]
[Site "?"]
[Date "2016.10.14"]
[Round "1"]
[White "Brynell, Stellan"]
[Black "Petrov, Marijan"]
[Result "1/2-1/2"]
[WhiteElo "2444"]
[BlackElo "2469"]
[PlyCount "82"]

1. d4 g6 2. e4 Bg7 3. Nf3 d6 4. Bc4 Nf6 5. Qe2 O-O 6. e5 dxe5 7. dxe5 Nd5 8.
O-O Nb6 9. Bd3 Bg4 10. Nbd2 Nc6 11. Qe3 Nd5 12. Qg5 Qd7 13. h3 Bf5 14. Bxf5
Qxf5 15. Qxf5 gxf5 16. Nc4 b5 17. Na3 b4 18. Nc4 Nb6 19. Nxb6 axb6 20. Bf4 e6
21. Rfd1 Rfd8 22. Rxd8+ Rxd8 23. a3 Ra8 24. Rd1 bxa3 25. bxa3 Ne7 26. Bg5 Ng6
27. Rd8+ Rxd8 28. Bxd8 Nxe5 29. Bxc7 Nc4 30. a4 Kf8 31. Kf1 Ke7 32. Ke2 Kd7 33.
Bf4 Nb2 34. Ng5 Ke7 35. Nxh7 f6 36. g4 fxg4 37. hxg4 Kf7 38. g5 f5 39. Bc7 Nxa4
40. Bd8 b5 41. Nf6 Nc3+ 1/2-1/2

[Event "Elit(Limhamn-Rockaden,Umea)"]
[Site "?"]
[Date "2016.10.14"]
[Round "1"]
[White "Malmstig, Erik"]
[Black "Hector, Jonny"]
[Result "0-1"]
[WhiteElo "2295"]
[BlackElo "2516"]
[PlyCount "79"]

1. d4 d5 2. Nf3 Nf6 3. g3 c6 4. Bg2 Bf5 5. O-O h6 6. Ne5 e6 7. c4 Nfd7 8. Nxd7
Nxd7 9. Nd2 Nf6 10. b3 Bb4 11. Bb2 a5 12. a3 Be7 13. f3 O-O 14. e4 Bg6 15. Qe2
Qb6 16. exd5 cxd5 17. c5 Qc7 18. Rfc1 b6 19. c6 Rfc8 20. Bf1 Qd6 21. Qb5 Bd8
22. a4 Bc7 23. Qe2 h5 24. Qe5 Qf8 25. Qg5 Nh7 26. Qe3 h4 27. Ba3 Qd8 28. Kf2
Nf6 29. Qg5 hxg3+ 30. hxg3 Qe8 31. Bb5 Nh5 32. Rg1 f6 33. Qh4 Bf7 34. Rae1 g5
35. Qg4 Ng7 36. Rh1 Bg6 37. Qh3 Kf7 38. Nf1 Nf5 39. Bb2 Qe7 40. Bc3 0-1

[Event "Elit(Limhamn-Rockaden,Umea)"]
[Site "?"]
[Date "2016.10.14"]
[Round "1"]
[White "Johansson, Linus"]
[Black "Mardell, Jimmy"]
[Result "1-0"]
[WhiteElo "2399"]
[BlackElo "2146"]
[PlyCount "91"]

1. c4 Nf6 2. Nf3 c5 3. g3 d5 4. Bg2 Nc6 5. O-O e5 6. cxd5 Nxd5 7. Nc3 Nc7 8. d3
Be7 9. Be3 O-O 10. Qa4 Bd7 11. Rfc1 b6 12. Nd2 Nd4 13. Qd1 Rc8 14. Nc4 f6 15.
Bxd4 cxd4 16. Nd5 Be6 17. Nxc7 Rxc7 18. a3 Qd7 19. Rc2 Rfc8 20. Rac1 Qb5 21.
Nd2 Qa4 22. Bb7 Qxc2 23. Rxc2 Rxc2 24. Bxc8 Rxc8 25. Kg2 b5 26. f3 h6 27. h4 a5
28. a4 bxa4 29. Qxa4 Bb4 30. Nc4 Bxc4 31. dxc4 Kh8 32. Qb5 Kh7 33. b3 Kh8 34.
Qb7 Rc5 35. Kh3 Kh7 36. h5 f5 37. Qd7 f4 38. Qe8 fxg3 39. Kxg3 Bc3 40. Kg4 Bb4
41. Kf5 Ba3 42. Ke6 Bb4 43. Qd7 Ba3 44. Qb7 a4 45. Kf7 Ra5 46. b4 1-0

[Event "Elit(Limhamn-Rockaden,Umea)"]
[Site "?"]
[Date "2016.10.14"]
[Round "1"]
[White "Eriksson, Jorgen"]
[Black "Lindgren, Philip"]
[Result "0-1"]
[WhiteElo "2228"]
[BlackElo "2420"]
[PlyCount "130"]

1. d4 d5 2. Bf4 Nf6 3. e3 c5 4. Nf3 Nc6 5. c3 e6 6. Nbd2 Bd6 7. Bg3 O-O 8. Bd3
b6 9. O-O Bb7 10. Qe2 Re8 11. Ne5 Qc7 12. Bb5 a6 13. Bxc6 Bxc6 14. Nxc6 Bxg3
15. hxg3 Qxc6 16. Nf3 Ne4 17. dxc5 Qxc5 18. Rfd1 Nd6 19. Ne5 Ra7 20. a4 h6 21.
Qd3 Rc8 22. Qd4 Qc7 23. g4 Qb8 24. b3 b5 25. a5 Rb7 26. f3 Rbc7 27. e4 f6 28.
Ng6 Kh7 29. Nf4 e5 30. Qxd5 Qa7+ 31. Kh1 exf4 32. Qxd6 Rxc3 33. Qxf4 Qf2 34.
Rg1 Qh4+ 35. Qh2 Qxh2+ 36. Kxh2 Rxb3 37. Rgd1 Rc2 38. Rd6 Rxf3 39. Rxa6 Rff2
40. Rb6 Rxg2+ 41. Kh3 Rgd2 42. Ra3 Rb2 43. a6 b4 44. Re3 Rd4 45. a7 Ra2 46. Rb7
Rd6 47. Kg3 Rda6 48. Rxb4 Rxa7 49. e5 R2a3 50. Rxa3 Rxa3+ 51. Kf4 fxe5+ 52.
Kxe5 Rf3 53. Rb6 Rf7 54. Ra6 Kg8 55. Ra8+ Rf8 56. Ra7 Rf6 57. Ra1 Kf7 58. g5
hxg5 59. Rg1 Kg6 60. Rg2 Rf4 61. Rh2 Ra4 62. Rh1 g4 63. Rh2 Kg5 64. Rh7 g6 65.
Rh1 g3 0-1

[Event "Elit(Limhamn-Rockaden,Umea)"]
[Site "?"]
[Date "2016.10.14"]
[Round "1"]
[White "Schneider, Stefan"]
[Black "Larsson, Johan"]
[Result "1-0"]
[WhiteElo "2346"]
[BlackElo "2176"]
[PlyCount "79"]

1. d4 d5 2. c4 dxc4 3. e3 e5 4. Bxc4 exd4 5. exd4 Bd6 6. Nf3 Nf6 7. Qe2+ Qe7 8.
Qxe7+ Bxe7 9. O-O O-O 10. Re1 Bb4 11. Nc3 Bg4 12. Ne5 Bh5 13. a3 Bd6 14. Bg5
Nbd7 15. h3 Kh8 16. g4 Bg6 17. Bxf6 Nxf6 18. f4 Ng8 19. f5 f6 20. Nxg6+ hxg6
21. fxg6 f5 22. Be6 f4 23. Ne4 Rad8 24. Ng5 Nh6 25. Bf7 Rd7 26. Kg2 Be7 27. Ne6
Rb8 28. Re4 Bd6 29. Ng5 a6 30. Rae1 Rdd8 31. Ne6 Rdc8 32. Nxf4 c5 33. d5 c4 34.
Ne6 c3 35. bxc3 Rxc3 36. Nd4 Rcc8 37. g5 Nxf7 38. gxf7 g6 39. Ne6 Rc2+ 40. Kf3
1-0

[Event "Elit(Limhamn-Rockaden,Umea)"]
[Site "?"]
[Date "2016.10.14"]
[Round "1"]
[White "Hellstrom, Magnus"]
[Black "Tadjerbashi, Amir"]
[Result "0-1"]
[WhiteElo "2073"]
[BlackElo "2215"]
[PlyCount "80"]

1. e4 e5 2. Nf3 Nc6 3. Bb5 a6 4. Ba4 Nf6 5. O-O Be7 6. Re1 b5 7. Bb3 O-O 8. d4
d6 9. c3 Bg4 10. Be3 exd4 11. cxd4 d5 12. e5 Ne4 13. Nc3 Nxc3 14. bxc3 Bf5 15.
Nd2 Qd7 16. Nf1 Na5 17. Ng3 Bg6 18. Bc2 Bxc2 19. Qxc2 Rae8 20. a4 Nc4 21. Nf5
b4 22. Bf4 a5 23. Nxe7+ Qxe7 24. cxb4 axb4 25. Qb3 Rb8 26. a5 Rb5 27. a6 Ra8
28. Ra4 Na5 29. Qd3 c6 30. Rea1 Nc4 31. Rb1 Rb6 32. Qb3 Raxa6 33. h3 Rxa4 34.
Qxa4 Qb7 35. Bg5 b3 36. Bd8 Rb5 37. Bg5 h6 38. Be3 Rb4 39. Qa1 b2 40. Qa2 Rb3
0-1

[Event "Elit(Limhamn-Rockaden,Umea)"]
[Site "?"]
[Date "2016.10.14"]
[Round "1"]
[White "Penalver, Osmani"]
[Black "Johansson, David"]
[Result "1/2-1/2"]
[WhiteElo "2230"]
[BlackElo "2106"]
[PlyCount "139"]

1. d4 Nf6 2. c4 c5 3. d5 e6 4. f3 exd5 5. cxd5 d6 6. e4 g6 7. Ne2 Bg7 8. Nec3
O-O 9. Bg5 h6 10. Be3 Re8 11. Qd2 Kh7 12. Be2 Nbd7 13. O-O Qe7 14. a4 Ne5 15.
Na3 Bd7 16. Rab1 Rac8 17. Rfc1 b6 18. Ba6 Rb8 19. b4 Nh5 20. Be2 g5 21. Nab5
Bxb5 22. Bxb5 Rg8 23. bxc5 bxc5 24. Be2 Nf4 25. Bf1 Neg6 26. Ne2 Qe5 27. g3 Nh5
28. Bh3 Rge8 29. Bf5 Nf6 30. f4 gxf4 31. gxf4 Qe7 32. e5 Rxb1 33. Rxb1 Kg8 34.
e6 Nh4 35. exf7+ Qxf7 36. Be6 Qxe6 37. dxe6 Nf3+ 38. Kf1 Nxd2+ 39. Bxd2 Rxe6
40. Rb7 Ne4 41. Ba5 d5 42. Rxa7 d4 43. Rd7 Ra6 44. Bc7 Rxa4 45. Be5 Bxe5 46.
fxe5 Ra1+ 47. Kg2 Ra2 48. Kf1 Rd2 49. e6 d3 50. Rd8+ Kg7 51. e7 Nf6 52. Nf4 Kf7
53. Rxd3 Rxd3 54. Nxd3 Nd7 55. Nf2 Kxe7 56. Ke2 Ke6 57. Kf3 Kd5 58. Ke3 Ne5 59.
h3 c4 60. Ne4 Nf7 61. h4 Ke5 62. Nf2 h5 63. Ne4 Nh6 64. Nc5 Nf5+ 65. Kd2 Nxh4
66. Kc3 Kf4 67. Ne6+ Kg4 68. Ng7 Nf5 69. Nxh5 Kxh5 70. Kxc4 1/2-1/2

[Event "Elit(Farsta-LASK)"]
[Site "?"]
[Date "2016.10.14"]
[Round "1"]
[White "Tari, Aryan"]
[Black "Sammalvuo, Tapani"]
[Result "1/2-1/2"]
[WhiteElo "2570"]
[BlackElo "2417"]
[PlyCount "59"]

1. e4 e5 2. Nf3 Nc6 3. Bb5 a6 4. Ba4 Nf6 5. O-O Be7 6. d3 b5 7. Bb3 d6 8. a4
Bd7 9. c3 Na5 10. Bc2 c5 11. d4 Qb8 12. Bg5 Be6 13. Nbd2 O-O 14. d5 Bd7 15. b4
Nb7 16. Qe2 Qd8 17. Bh4 g6 18. axb5 axb5 19. h3 Qc7 20. Bd3 c4 21. Bc2 Rfc8 22.
Bg5 Qd8 23. Be3 Rxa1 24. Rxa1 Ra8 25. Qf1 Nh5 26. Qb1 Qb8 27. Nf1 f6 28. Ng3
Ng7 29. Ra2 Nd8 30. Qa1 1/2-1/2

[Event "Elit(Farsta-LASK)"]
[Site "?"]
[Date "2016.10.14"]
[Round "1"]
[White "Ernst, Thomas"]
[Black "Tikkanen, Hans"]
[Result "0-1"]
[WhiteElo "2372"]
[BlackElo "2534"]
[PlyCount "66"]

1. e4 c6 2. d4 d5 3. Nd2 dxe4 4. Nxe4 Bf5 5. Ng3 Bg6 6. h4 h6 7. Nf3 Nd7 8. h5
Bh7 9. Bd3 Bxd3 10. Qxd3 e6 11. Bd2 Ngf6 12. O-O-O Be7 13. Qe2 Qb6 14. Rde1 c5
15. Nf5 Bf8 16. Qc4 O-O-O 17. Ne3 Qc7 18. dxc5 Nxc5 19. Rd1 Bd6 20. Qe2 Nce4
21. Nc4 Bc5 22. Be3 Rxd1+ 23. Rxd1 Bxe3+ 24. Nxe3 Kb8 25. g4 Qf4 26. Kb1 Nxg4
27. Nxg4 Qxg4 28. Rd4 f5 29. Qd3 Rc8 30. Rd8 Qxh5 31. a3 Qf7 32. Rxc8+ Kxc8 33.
Qc4+ Kd8 0-1

[Event "Elit(Farsta-LASK)"]
[Site "?"]
[Date "2016.10.14"]
[Round "1"]
[White "Smith, Axel"]
[Black "Urkedal, Frode"]
[Result "1/2-1/2"]
[WhiteElo "2516"]
[BlackElo "2537"]
[PlyCount "99"]

1. d4 Nf6 2. Nf3 e6 3. c4 b6 4. e3 Bb7 5. Bd3 d5 6. O-O dxc4 7. Bxc4 Be7 8. b3
O-O 9. Bb2 Nbd7 10. Qe2 c5 11. Rd1 Qc7 12. dxc5 Nxc5 13. Nbd2 Rad8 14. Rac1 Qb8
15. b4 Nce4 16. Nxe4 Bxe4 17. a3 Ng4 18. h3 Bxf3 19. Qxf3 Qh2+ 20. Kf1 Ne5 21.
Bxe5 Qxe5 22. Rxd8 Rxd8 23. Rd1 Qc3 24. Rxd8+ Bxd8 25. Qc6 Qc1+ 26. Ke2 Be7 27.
Qc8+ Bf8 28. Qa6 Qc2+ 29. Ke1 g6 30. g3 h5 31. h4 Qc1+ 32. Ke2 Bg7 33. Kf3 Bb2
34. a4 Ba3 35. Kg2 Kg7 36. Be2 Bxb4 37. Qxa7 Bc5 38. Qa6 Qc3 39. Qc4 Qxc4 40.
Bxc4 Kf6 41. Kf3 Ke5 42. Bb5 f5 43. Ke2 Bb4 44. f4+ Kf6 45. Kf3 Be1 46. Be8 Kg7
47. Kg2 Kf6 48. Kf3 Kg7 49. Kg2 Kf6 50. Kf3 1/2-1/2

[Event "Elit(Farsta-LASK)"]
[Site "?"]
[Date "2016.10.14"]
[Round "1"]
[White "Ong, Kezli"]
[Black "Semcesen, Daniel"]
[Result "1/2-1/2"]
[WhiteElo "2288"]
[BlackElo "2457"]
[PlyCount "140"]

1. e4 e5 2. Nf3 Nc6 3. Bb5 a6 4. Ba4 Nf6 5. O-O Nxe4 6. d4 b5 7. Bb3 d5 8. dxe5
Be6 9. Nbd2 Nc5 10. c3 Bg4 11. Bc2 Ne6 12. Re1 Bc5 13. Nf1 Bh5 14. Ng3 Bg6 15.
h4 Ne7 16. h5 Bxc2 17. Qxc2 h6 18. Nh2 Qd7 19. a4 Rd8 20. axb5 axb5 21. Ng4 Bb6
22. Bxh6 Rxh6 23. Nxh6 gxh6 24. Qh7 Nf8 25. Qxh6 Qg4 26. Nf1 Ne6 27. Ne3 Bxe3
28. Qxe3 Qxh5 29. Ra5 d4 30. cxd4 Nxd4 31. Qe4 Qg6 32. Ra8 Qxe4 33. Rxd8+ Kxd8
34. Rxe4 c5 35. b4 Nec6 36. bxc5 Ke7 37. f4 Ke6 38. g4 Kd5 39. Re3 b4 40. Kf2
b3 41. Re1 Nb4 42. Rb1 Kxc5 43. Ke3 Nd5+ 44. Kd2 Nxf4 45. Rf1 Nde2 46. g5 Kd5
47. Rf3 Kxe5 48. Rxb3 Nd4 49. Rb7 Nf3+ 50. Ke3 Nxg5 51. Rxf7 Nxf7 52. Kf3 Nd5
53. Ke2 Ke4 54. Kd2 Ne5 55. Ke2 Nc4 56. Kf2 Kf4 57. Ke2 Nb4 58. Kf2 Nd2 59. Ke2
Ne4 60. Kd1 Ke3 61. Kc1 Kd3 62. Kb2 Nc2 63. Kb3 Nc5+ 64. Kb2 Kd2 65. Ka2 Kc3
66. Kb1 Nd3 67. Ka2 Kb4 68. Kb1 Na3+ 69. Ka2 Ka4 70. Ka1 Kb3 1/2-1/2

[Event "Elit(Farsta-LASK)"]
[Site "?"]
[Date "2016.10.14"]
[Round "1"]
[White "Ahlander, Bjorn"]
[Black "Livner, Anders"]
[Result "1-0"]
[WhiteElo "2407"]
[BlackElo "2345"]
[PlyCount "101"]

1. d4 d5 2. c4 c6 3. Nf3 Nf6 4. e3 Bf5 5. Nc3 e6 6. Qb3 Qc7 7. Bd2 Ne4 8. Nxe4
Bxe4 9. Be2 Nd7 10. O-O Bd6 11. c5 Be7 12. Rfc1 Bxf3 13. Bxf3 f5 14. Bh5+ g6
15. Be2 Bf6 16. Qd1 O-O 17. Bc3 Rae8 18. b4 f4 19. exf4 Qxf4 20. g3 Qc7 21. f4
g5 22. Bh5 Re7 23. Qg4 Rg7 24. fxg5 Rxg5 25. Qxe6+ Kh8 26. Bg4 Rg7 27. Rf1 Re7
28. Qd6 Qxd6 29. cxd6 Rg7 30. Be6 Nb6 31. Rf5 Rg6 32. b5 Kg7 33. bxc6 bxc6 34.
Rb1 Rd8 35. d7 Na4 36. Ba1 Kf8 37. Rf3 Nb6 38. Bf5 Rh6 39. Bc3 Nxd7 40. Rb7 Nb6
41. Be6 Ke8 42. Bf7+ Kf8 43. Be6 Ke8 44. Kg2 Rd6 45. Bf7+ Kd8 46. Bd2 Bxd4 47.
Bxh6 Rxh6 48. Bxd5 Kc8 49. Re7 Bf6 50. Re8+ Kd7 51. Bxc6+ 1-0

[Event "Elit(Farsta-LASK)"]
[Site "?"]
[Date "2016.10.14"]
[Round "1"]
[White "Hjelm, Niclas"]
[Black "Mauritsson, Sebastian"]
[Result "1/2-1/2"]
[WhiteElo "2355"]
[BlackElo "2312"]
[PlyCount "94"]

1. d4 Nf6 2. c4 g6 3. Nc3 Bg7 4. Bg5 O-O 5. e3 c5 6. d5 d6 7. Nf3 h6 8. Bh4 g5
9. Bg3 Nh5 10. Nd2 Nxg3 11. hxg3 e6 12. Be2 exd5 13. cxd5 Nd7 14. O-O Ne5 15.
a4 f5 16. Ra3 Rb8 17. Re1 a6 18. Qc1 Bd7 19. a5 Be8 20. f4 Ng4 21. Nf3 Bd7 22.
Bd3 Qf6 23. Rb3 Qg6 24. Rb6 Kh8 25. Nd1 Qf6 26. Re2 Ba4 27. b3 Bd7 28. Nb2 Rfe8
29. Nc4 Bf8 30. fxg5 hxg5 31. Qb2 Qxb2 32. Rxb2 Nxe3 33. Nxd6 Nxd5 34. Nxe8
Nxb6 35. Nc7 Na8 36. Nxa8 Rxa8 37. Nxg5 Re8 38. Re2 Rxe2 39. Bxe2 Be7 40. Nf7+
Kg7 41. Ne5 Be6 42. Nc4 Bxc4 43. Bxc4 Bd8 44. Bd5 b6 45. axb6 Bxb6 46. Kf1 Kf6
47. Ke2 Bc7 1/2-1/2

[Event "Elit(Farsta-LASK)"]
[Site "?"]
[Date "2016.10.14"]
[Round "1"]
[White "Jogstad, Martin"]
[Black "Jaderberg, Bjorn"]
[Result "1-0"]
[WhiteElo "2271"]
[BlackElo "2165"]
[PlyCount "61"]

1. c4 e6 2. Nf3 f5 3. g3 Nf6 4. Bg2 d5 5. O-O c6 6. b3 Bd6 7. Ba3 O-O 8. d4 a5
9. Ne5 Na6 10. Bxd6 Qxd6 11. Nc3 Nd7 12. cxd5 exd5 13. Nd3 Nc7 14. Rc1 Ne6 15.
e3 Nf6 16. Na4 Ne4 17. Nac5 N6xc5 18. Nxc5 b6 19. Na4 Rb8 20. Qe2 Bd7 21. Rc2
Rf6 22. Rfc1 Be8 23. Nb2 Ra8 24. Nd3 Rh6 25. Ne5 c5 26. f3 Nf6 27. Nd3 cxd4 28.
exd4 Rd8 29. Rc8 Bb5 30. Rxd8+ Qxd8 31. Qe6+ 1-0

[Event "Elit(Farsta-LASK)"]
[Site "?"]
[Date "2016.10.14"]
[Round "1"]
[White "Lundin, Jan"]
[Black "Lundberg, David"]
[Result "1/2-1/2"]
[WhiteElo "2264"]
[BlackElo "2169"]
[PlyCount "83"]

1. e4 c5 2. Nf3 d6 3. d4 cxd4 4. Nxd4 Nf6 5. Nc3 g6 6. g3 Nc6 7. Bg2 Nxd4 8.
Qxd4 Bg7 9. Nd5 O-O 10. Nxf6+ Bxf6 11. Qd1 Qa5+ 12. c3 Qb5 13. Qd5 Qa6 14. Bg5
Be6 15. Qd2 Rfe8 16. h4 h5 17. a3 Rac8 18. f3 Rcd8 19. Bf4 Bc4 20. O-O-O e5 21.
Bg5 d5 22. Bxf6 Qxf6 23. exd5 Bxd5 24. Qg5 Qxg5+ 25. hxg5 Bb3 26. Rd2 Rxd2 27.
Kxd2 Rd8+ 28. Ke3 Kg7 29. Rh4 a5 30. Bf1 Rd1 31. Bc4 Bc2 32. b4 Ra1 33. Kd2 Bf5
34. Bd5 b6 35. bxa5 bxa5 36. Ra4 f6 37. gxf6+ Kxf6 38. g4 hxg4 39. fxg4 Bd7 40.
Rxa5 Bxg4 41. Ke3 Kg5 42. Bf3 1/2-1/2

[Event "Elit(Kungstornet-Team Viking)"]
[Site "?"]
[Date "2016.10.14"]
[Round "1"]
[White "Berg, Emanuel"]
[Black "Aronsson, Marten"]
[Result "1/2-1/2"]
[WhiteElo "2579"]
[BlackElo "2334"]
[PlyCount "182"]

1. e4 e5 2. Nf3 Nc6 3. Bb5 a6 4. Ba4 Nf6 5. d3 Bc5 6. O-O b5 7. Bb3 d6 8. c3
Bb6 9. Re1 O-O 10. Nbd2 Qe7 11. Nf1 Be6 12. Bc2 d5 13. exd5 Nxd5 14. Ng3 Rfe8
15. Ng5 Rad8 16. d4 Nf6 17. Nxe6 Qxe6 18. Bg5 Na5 19. Qf3 Nc4 20. b3 Na3 21.
Rxe5 Qg4 22. Qxg4 Nxg4 23. Rxe8+ Rxe8 24. Bf5 f6 25. Bd2 Nh6 26. Bxh6 gxh6 27.
Rd1 Ba5 28. Ne4 Kg7 29. Kf1 Re7 30. Rd3 Nb1 31. b4 Bb6 32. Nc5 Bxc5 33. bxc5
Na3 34. d5 Nc4 35. d6 cxd6 36. cxd6 Re8 37. d7 Rd8 38. Ke2 Kf7 39. Rh3 Nd6 40.
Bxh7 Kg7 41. Bd3 Rxd7 42. Rg3+ Kf7 43. Rg6 Re7+ 44. Kd2 Ne4+ 45. Bxe4 Rxe4 46.
Rxh6 Ra4 47. Rh7+ Kg6 48. Rc7 Rxa2+ 49. Ke3 Ra3 50. Kf4 Ra2 51. Kf3 Ra3 52. Kg4
Ra2 53. Kg3 a5 54. Rc5 Rc2 55. Rxb5 Rxc3+ 56. f3 a4 57. Ra5 a3 58. h4 Rb3 59.
Kh3 Rc3 60. Kg3 Rb3 61. Kh3 Rc3 62. Kg4 Rc4+ 63. f4 f5+ 64. Kh3 Rxf4 65. Rxa3
Rb4 66. Rg3+ Kh6 67. Rg5 f4 68. Rg4 Rb3+ 69. Kh2 Rb4 70. Rg5 Rb3 71. Rg4 Rb4
72. Rg5 Rb3 73. Rf5 Rb4 74. Kg1 Kg6 75. Rg5+ Kf6 76. Kf2 Rb3 77. Rg8 Kf5 78.
Rg5+ Kf6 79. Ra5 Kg6 80. Kg1 Rg3 81. Kh2 Rg4 82. Kh3 Rg3+ 83. Kh2 Rg4 84. Ra6+
Kh5 85. Ra5+ Kxh4 86. Rf5 Rg5 87. Rxf4+ Kh5 88. Kh3 Ra5 89. Rf5+ Rxf5 90. g4+
Kg5 91. gxf5 Kxf5 1/2-1/2

[Event "Elit(Kungstornet-Team Viking)"]
[Site "?"]
[Date "2016.10.14"]
[Round "1"]
[White "Lyrberg, Patrik"]
[Black "Westerberg, Jonathan"]
[Result "1/2-1/2"]
[WhiteElo "2460"]
[BlackElo "2491"]
[PlyCount "95"]

1. e4 c5 2. Nc3 e6 3. Nf3 a6 4. g3 b5 5. Bg2 Bb7 6. d3 d6 7. O-O Nf6 8. e5 dxe5
9. Nxe5 Bxg2 10. Kxg2 Nbd7 11. Bf4 Nxe5 12. Bxe5 Be7 13. Ne4 O-O 14. Nxf6+ Bxf6
15. Bxf6 Qxf6 16. b3 Rad8 17. Qe2 Qc3 18. Rfd1 Rd4 19. Qd2 Qxd2 20. Rxd2 Rfd8
21. Re2 Kf8 22. Rae1 Ke7 23. Re5 Rc8 24. R1e3 Rc6 25. f4 f6 26. R5e4 Rxe4 27.
Rxe4 Kd6 28. Kf3 Rc8 29. Ke3 f5 30. Re5 g5 31. c4 gxf4+ 32. gxf4 bxc4 33. bxc4
Rg8 34. d4 cxd4+ 35. Kxd4 Rg4 36. Ke3 Rh4 37. Ra5 Rxh2 38. Rxa6+ Kc5 39. Rxe6
Rh3+ 40. Kf2 Ra3 41. Re5+ Kxc4 42. Rxf5 Kd4 43. Re5 h5 44. Re2 h4 45. Kg1 Kd5
46. f5 Ra6 47. Rf2 Ke5 48. Re2+ 1/2-1/2

[Event "Elit(Kungstornet-Team Viking)"]
[Site "?"]
[Date "2016.10.14"]
[Round "1"]
[White "Agrest, Evgenij"]
[Black "von Bahr, Oskar"]
[Result "1-0"]
[WhiteElo "2592"]
[BlackElo "2362"]
[PlyCount "81"]
[EventDate "2016.??.??"]

1. d4 Nf6 2. Bf4 g6 3. e3 Bg7 4. Nf3 O-O 5. Be2 c5 6. O-O cxd4 7. exd4 d5 8. c3
Nc6 9. h3 b6 10. Nbd2 Bb7 11. Bd3 Nd7 12. Re1 Re8 13. Bg3 a6 14. Nb3 e6 15. Bf1
b5 16. a3 Qb6 17. Qd3 Rac8 18. Kh1 f6 19. Rad1 Ne7 20. Bh2 Nf5 21. g4 Nd6 22.
Bg2 Ne4 23. Qf1 a5 24. Nfd2 f5 25. Nxe4 fxe4 26. f3 b4 27. cxb4 axb4 28. a4 Rc2
29. a5 Qd8 30. Qb5 Bc6 31. Qxb4 Bf8 32. Nc5 Nxc5 33. dxc5 Bxc5 34. Qb3 Rc4 35.
fxe4 Qa8 36. exd5 exd5 37. Rxe8+ Qxe8 38. Qb8 Qxb8 39. Bxb8 Rb4 40. Be5 Ra4 41.
Rc1 1-0